[Event "T-Director's Swiss sytem"]
[Site "playchess.com #662980"]
[Date "2014.03.16"]
[Round "2"]
[White "Erkin Karaokcu"]
[Black "Fc2008"]
[Result "0-1"]
[WhiteElo "1941"]
[BlackElo "2422"]
[PlyCount "92"]
[EventDate "2014.03.16"]
[EventType "swiss (blitz)"]

1. d4 {[%emt 0:00:02]} Nf6 {[%emt 0:00:02]} 2. Bg5 {[%emt 0:00:06]} Ne4 {[%emt
0:00:02]} 3. Bf4 {[%emt 0:00:02]} c5 {[%emt 0:00:02]} 4. d5 {[%emt 0:00:01]}
Qb6 {[%emt 0:00:09]} 5. Bc1 {[%emt 0:00:22]} g6 {[%emt 0:00:07]} 6. f3 {[%emt
0:00:05]} Nf6 {[%emt 0:00:02]} 7. e4 {[%emt 0:00:04]} d6 {[%emt 0:00:03]} 8.
Na3 {[%emt 0:00:07]} Bg7 {[%emt 0:00:09]} 9. Nc4 {[%emt 0:00:03]} Qd8 {[%emt 0:
00:05]} 10. a4 {[%emt 0:00:02]} O-O {[%emt 0:00:02]} 11. Bd3 {[%emt 0:00:01]}
e6 {[%emt 0:00:02]} 12. dxe6 {[%emt 0:00:05]} Bxe6 {[%emt 0:00:03]} 13. Ne2 {
[%emt 0:00:02]} d5 {[%emt 0:00:04]} 14. exd5 {[%emt 0:00:01]} Nxd5 {[%emt 0:00:
03]} 15. O-O {[%emt 0:00:01]} Nc6 {[%emt 0:00:02]} 16. Nf4 {[%emt 0:00:05]}
Nxf4 {[%emt 0:00:03]} 17. Bxf4 {[%emt 0:00:00]} Qd4+ {[%emt 0:00:53]} 18. Be3 {
[%emt 0:00:02]} Qd5 {[%emt 0:00:02]} 19. c3 {[%emt 0:00:15]} Rad8 {[%emt 0:00:
03]} 20. Be2 {[%emt 0:00:01]} Qxc4 {[%emt 0:00:29]} 21. Bxc4 {[%emt 0:00:05]}
Rxd1 {[%emt 0:00:02]} 22. Rfxd1 {[%emt 0:00:06]} Bxc4 {[%emt 0:00:01]} 23. Bxc5
{[%emt 0:00:01]} Rc8 {[%emt 0:00:12]} 24. Bf2 {[%emt 0:00:15]} Be6 {[%emt 0:00:
05]} 25. a5 {[%emt 0:00:06]} a6 {[%emt 0:00:02]} 26. Bb6 {[%emt 0:00:23]} Bf6 {
[%emt 0:00:03]} 27. Rd2 {[%emt 0:00:13]} Kg7 {[%emt 0:00:02]} 28. Rad1 {[%emt
0:00:04]} h5 {[%emt 0:00:02]} 29. Re2 {[%emt 0:00:08]} h4 {[%emt 0:00:04]} 30.
Re4 {[%emt 0:00:07]} g5 {[%emt 0:00:14]} 31. Rde1 {[%emt 0:00:06]} Kg6 {[%emt
0:00:06]} 32. R4e2 {[%emt 0:00:21]} Ne7 {[%emt 0:00:06]} 33. Rd1 {[%emt 0:00:
07]} Nf5 {[%emt 0:00:03]} 34. Red2 {[%emt 0:00:09]} Rc6 {[%emt 0:00:07]} 35.
Rd3 {[%emt 0:00:19]} Rc4 {[%emt 0:00:02]} 36. Bd8 {[%emt 0:00:08]} Ra4 {[%emt
0:00:11]} 37. Bxf6 {[%emt 0:00:07]} Kxf6 {[%emt 0:00:02]} 38. b4 {[%emt 0:00:
01]} Bc4 {[%emt 0:00:14]} 39. Rd7 {[%emt 0:00:03]} Ra2 {[%emt 0:00:11]} 40.
R1d2 {[%emt 0:00:08]} Ra3 {[%emt 0:00:07]} 41. Rxb7 {[%emt 0:00:04]} Rxc3 {
[%emt 0:00:01]} 42. Rb6+ {[%emt 0:00:02]} Ke5 {[%emt 0:00:05]} 43. Kf2 {[%emt
0:00:03]} Rc1 {[%emt 0:00:04]} 44. g3 {[%emt 0:00:05]} h3 {[%emt 0:00:11]} 45.
f4+ {[%emt 0:00:09]} gxf4 {[%emt 0:00:02]} 46. gxf4+ {[%emt 0:00:02]} Kxf4 {
[%emt 0:00:01] Erkin Karaokcu Terk} 0-1

[Event "T-Director's Swiss sytem"]
[Site "playchess.com #662980"]
[Date "2014.03.16"]
[Round "6"]
[White "Erkin Karaokcu"]
[Black "Haapana"]
[Result "1-0"]
[WhiteElo "1980"]
[BlackElo "2093"]
[PlyCount "59"]
[EventDate "2014.03.16"]
[EventType "swiss (blitz)"]

1. d4 {[%emt 0:00:02]} Nf6 {[%emt 0:00:04]} 2. Bg5 {[%emt 0:00:01]} d5 {[%emt
0:00:07]} 3. Bxf6 {[%emt 0:00:01]} exf6 {[%emt 0:00:03]} 4. e3 {[%emt 0:00:02]}
c6 {[%emt 0:00:01]} 5. c4 {[%emt 0:00:02]} dxc4 {[%emt 0:00:12]} 6. Bxc4 {
[%emt 0:00:03]} Bd6 {[%emt 0:00:01]} 7. Nc3 {[%emt 0:00:05]} a5 {[%emt 0:00:03]
} 8. Nge2 {[%emt 0:00:15]} Na6 {[%emt 0:00:02]} 9. O-O {[%emt 0:00:04]} O-O {
[%emt 0:00:03]} 10. e4 {[%emt 0:00:05]} Nc7 {[%emt 0:00:46]} 11. Ng3 {[%emt 0:
00:20]} b5 {[%emt 0:00:52]} 12. Bd3 {[%emt 0:00:14]} Bxg3 {[%emt 0:00:16]} 13.
hxg3 {[%emt 0:00:03]} Qxd4 {[%emt 0:00:01]} 14. Ne2 {[%emt 0:00:15]} Qb6 {
[%emt 0:00:28]} 15. Qc2 {[%emt 0:00:05]} c5 {[%emt 0:00:06]} 16. e5 {[%emt 0:
00:03]} g6 {[%emt 0:00:25]} 17. exf6 {[%emt 0:00:04]} c4 {[%emt 0:00:15]} 18.
Be4 {[%emt 0:00:03]} Ra7 {[%emt 0:00:01]} 19. a4 {[%emt 0:00:11]} Be6 {[%emt 0:
00:06]} 20. axb5 {[%emt 0:00:03]} Nxb5 {[%emt 0:00:02]} 21. Rfd1 {[%emt 0:00:
17]} Rc8 {[%emt 0:00:29]} 22. Nf4 {[%emt 0:00:42]} Nd4 {[%emt 0:00:33]} 23. Qc3
{[%emt 0:00:02]} Nb3 {[%emt 0:00:05]} 24. Rab1 {[%emt 0:00:29]} Qc5 {[%emt 0:
00:19]} 25. Bd5 {[%emt 0:00:18]} Bg4 {[%emt 0:00:03]} 26. Re1 {[%emt 0:00:09]}
Nd4 {[%emt 0:00:09]} 27. Re5 {[%emt 0:00:22]} Qb6 {[%emt 0:00:08]} 28. Rbe1 {
[%emt 0:00:05]} Rf8 {[%emt 0:00:11]} 29. Qxc4 {[%emt 0:00:10] .} Nb5 {[%emt 0:
00:08]} 30. Bxf7+ {[%emt 0:00:05] Time} 1-0

[Event "T-Director's Swiss sytem"]
[Site "playchess.com #662980"]
[Date "2014.03.16"]
[Round "9"]
[White "Erkin Karaokcu"]
[Black "Readycash"]
[Result "1-0"]
[WhiteElo "2019"]
[BlackElo "2328"]
[PlyCount "33"]
[EventDate "2014.03.16"]
[EventType "swiss (blitz)"]

1. d4 {[%emt 0:00:03]} Nf6 {[%emt 0:00:01]} 2. Bg5 {[%emt 0:00:02]} e6 {[%emt
0:00:04]} 3. e4 {[%emt 0:00:03]} c5 {[%emt 0:00:01]} 4. Nd2 {[%emt 0:00:28]}
cxd4 {[%emt 0:00:03]} 5. e5 {[%emt 0:00:10]} h6 {[%emt 0:00:01]} 6. Bh4 {[%emt
0:00:18]} g5 {[%emt 0:00:01]} 7. Bg3 {[%emt 0:00:01]} Nd5 {[%emt 0:00:04]} 8.
Bc4 {[%emt 0:00:11]} Nb6 {[%emt 0:00:07]} 9. Bd3 {[%emt 0:00:22]} Nc6 {[%emt 0:
00:05]} 10. Ne4 {[%emt 0:00:04]} Be7 {[%emt 0:00:06]} 11. h4 {[%emt 0:00:08]}
Qc7 {[%emt 0:00:34]} 12. hxg5 {[%emt 0:00:23]} Nxe5 {[%emt 0:00:01]} 13. Nf3 {
[%emt 0:00:02]} d6 {[%emt 0:00:20]} 14. Nxe5 {[%emt 0:00:21]} dxe5 {[%emt 0:00:
01]} 15. Qh5 {[%emt 0:00:03]} Nd5 {[%emt 0:00:47]} 16. g6 {[%emt 0:00:09]} f6 {
[%emt 0:00:08]} 17. g7+ {[%emt 0:00:03] Readycash resigns} 1-0

[Event "T-Director's Swiss sytem"]
[Site "playchess.com #662980"]
[Date "2014.03.16"]
[Round "3"]
[White "Erkin Karaokcu"]
[Black "hmamouche"]
[Result "1-0"]
[WhiteElo "1939"]
[BlackElo "1672"]
[PlyCount "53"]
[EventDate "2014.03.16"]
[EventType "swiss (blitz)"]

1. d4 {[%emt 0:00:04]} d5 {[%emt 0:00:04]} 2. Bg5 {[%emt 0:00:14]} Nf6 {[%emt
0:00:08]} 3. Bxf6 {[%emt 0:00:02]} exf6 {[%emt 0:00:01]} 4. e3 {[%emt 0:00:03]}
Nc6 {[%emt 0:00:01]} 5. c4 {[%emt 0:00:03]} Be6 {[%emt 0:00:02]} 6. Nc3 {[%emt
0:00:04]} Bb4 {[%emt 0:00:05]} 7. cxd5 {[%emt 0:00:18]} Bxd5 {[%emt 0:00:03]}
8. a3 {[%emt 0:00:01]} Bxc3+ {[%emt 0:00:01]} 9. bxc3 {[%emt 0:00:00]} O-O {
[%emt 0:00:03]} 10. c4 {[%emt 0:00:04]} Be4 {[%emt 0:00:01]} 11. f3 {[%emt 0:
00:03]} Bg6 {[%emt 0:00:01]} 12. Kf2 {[%emt 0:00:04]} Re8 {[%emt 0:00:05]} 13.
Bd3 {[%emt 0:00:07]} f5 {[%emt 0:00:02]} 14. Ne2 {[%emt 0:00:03]} Qe7 {[%emt 0:
00:03]} 15. Qc1 {[%emt 0:00:09]} Rad8 {[%emt 0:00:05]} 16. Re1 {[%emt 0:00:02]}
Qh4+ {[%emt 0:00:02]} 17. Kg1 {[%emt 0:00:04]} Re7 {[%emt 0:00:01]} 18. Nf4 {
[%emt 0:00:16]} Rde8 {[%emt 0:00:09]} 19. Nd5 {[%emt 0:00:04]} Rd7 {[%emt 0:00:
21]} 20. Rb1 {[%emt 0:00:03]} b6 {[%emt 0:00:03]} 21. Qc2 {[%emt 0:00:10]} Qg5
{[%emt 0:00:17]} 22. Qa4 {[%emt 0:00:13]} Rd6 {[%emt 0:00:27]} 23. Nxc7 {[%emt
0:00:05]} Rxe3 {[%emt 0:00:09]} 24. c5 {[%emt 0:00:06]} bxc5 {[%emt 0:01:07]}
25. Rb8+ {[%emt 0:00:30]} Nxb8 {[%emt 0:00:07]} 26. Qe8+ {[%emt 0:00:01]} Rxe8
{[%emt 0:00:07]} 27. Rxe8# {[%emt 0:00:00]} 1-0

[Event "T-Director's Swiss sytem"]
[Site "playchess.com #662980"]
[Date "2014.03.16"]
[Round "3"]
[White "FMGracz"]
[Black "Jorden"]
[Result "1/2-1/2"]
[WhiteElo "2132"]
[BlackElo "2505"]
[PlyCount "107"]
[EventDate "2014.03.16"]
[EventType "swiss (blitz)"]

1. d4 {[%emt 0:00:04]} d5 {[%emt 0:00:01]} 2. Nf3 {[%emt 0:00:02]} Nf6 {[%emt
0:00:02]} 3. Bf4 {[%emt 0:00:01]} c6 {[%emt 0:00:01]} 4. e3 {[%emt 0:00:01]}
Bg4 {[%emt 0:00:00]} 5. c4 {[%emt 0:00:02]} Nbd7 {[%emt 0:00:00]} 6. Nc3 {
[%emt 0:00:01]} e6 {[%emt 0:00:01]} 7. Qb3 {[%emt 0:00:01]} Qb6 {[%emt 0:00:01]
} 8. Ne5 {[%emt 0:00:01]} Nxe5 {[%emt 0:00:02]} 9. Bxe5 {[%emt 0:00:01]} Nd7 {
[%emt 0:00:00]} 10. Bf4 {[%emt 0:00:02]} Be7 {[%emt 0:00:09]} 11. f3 {[%emt 0:
00:01]} Bf5 {[%emt 0:00:01]} 12. g4 {[%emt 0:00:02]} Qxb3 {[%emt 0:00:01]} 13.
axb3 {[%emt 0:00:02]} Bc2 {[%emt 0:00:00]} 14. c5 {[%emt 0:00:15]} Bxb3 {[%emt
0:00:01]} 15. Ra3 {[%emt 0:00:06]} Bc4 {[%emt 0:00:01]} 16. Bxc4 {[%emt 0:00:
02]} dxc4 {[%emt 0:00:00]} 17. Ra4 {[%emt 0:00:01]} e5 {[%emt 0:00:00]} 18. Bg3
{[%emt 0:00:03]} exd4 {[%emt 0:00:02]} 19. exd4 {[%emt 0:00:01]} b5 {[%emt 0:
00:11]} 20. cxb6 {[%emt 0:00:01]} Nxb6 {[%emt 0:00:01]} 21. Ra6 {[%emt 0:00:02]
} Bf6 {[%emt 0:00:04]} 22. Be5 {[%emt 0:00:06]} Bxe5 {[%emt 0:00:05]} 23. dxe5
{[%emt 0:00:01]} O-O {[%emt 0:00:00]} 24. Kf2 {[%emt 0:00:08]} Rfe8 {[%emt 0:
00:02]} 25. f4 {[%emt 0:00:01]} f6 {[%emt 0:00:15]} 26. exf6 {[%emt 0:00:02]}
gxf6 {[%emt 0:00:00]} 27. Rd1 {[%emt 0:00:01]} Rad8 {[%emt 0:00:19]} 28. Rxa7 {
[%emt 0:00:05]} Rxd1 {[%emt 0:00:05] FMGracz proponuje remis} 29. Nxd1 {[%emt
0:00:04]} Nd5 {[%emt 0:00:00]} 30. f5 {[%emt 0:00:06]} Re4 {[%emt 0:00:05]} 31.
h3 {[%emt 0:00:01]} Rd4 {[%emt 0:00:14]} 32. Nc3 {[%emt 0:00:02]} Rd2+ {[%emt
0:00:01]} 33. Kf3 {[%emt 0:00:02]} Rxb2 {[%emt 0:00:01]} 34. Ne4 {[%emt 0:00:
10]} Rb3+ {[%emt 0:00:03]} 35. Kf2 {[%emt 0:00:01]} Rxh3 {[%emt 0:00:03]} 36.
Ra8+ {[%emt 0:00:02]} Kf7 {[%emt 0:00:02]} 37. Rc8 {[%emt 0:00:01]} h5 {[%emt
0:00:23]} 38. Rxc6 {[%emt 0:00:24]} hxg4 {[%emt 0:00:04]} 39. Rxc4 {[%emt 0:00:
10]} Rf3+ {[%emt 0:00:03]} 40. Ke2 {[%emt 0:00:02]} Nf4+ {[%emt 0:00:06]} 41.
Kd2 {[%emt 0:00:06]} g3 {[%emt 0:00:03]} 42. Rc7+ {[%emt 0:00:08]} Kf8 {[%emt
0:00:03]} 43. Nxf6 {[%emt 0:00:07] FMGracz proponuje remis} g2 {[%emt 0:00:10]}
44. Nh7+ {[%emt 0:00:06]} Kg8 {[%emt 0:00:09]} 45. Nf6+ {[%emt 0:00:02]} Kf8 {
[%emt 0:00:02]} 46. Nh7+ {[%emt 0:00:01]} Ke8 {[%emt 0:00:01]} 47. Nf6+ {[%emt
0:00:07]} Kd8 {[%emt 0:00:05]} 48. Rd7+ {[%emt 0:00:07]} Kc8 {[%emt 0:00:01]}
49. Rg7 {[%emt 0:00:01]} Rf1 {[%emt 0:00:27]} 50. Ke3 {[%emt 0:00:02]} Kd8 {
[%emt 0:00:14]} 51. Rd7+ {[%emt 0:00:09]} Kc8 {[%emt 0:00:01]} 52. Rg7 {[%emt
0:00:01] FMGracz proponuje remis} Kb8 {[%emt 0:00:22]} 53. Nd7+ {[%emt 0:00:19]
} Kc8 {[%emt 0:01:07]} 54. Nf6 {[%emt 0:00:04]} 1/2-1/2

[Event "T-Director's Swiss sytem"]
[Site "playchess.com #662980"]
[Date "2014.03.16"]
[Round "9"]
[White "FMGracz"]
[Black "Kokkinoskoufitsa"]
[Result "1/2-1/2"]
[WhiteElo "2169"]
[BlackElo "2159"]
[PlyCount "33"]
[EventDate "2014.03.16"]
[EventType "swiss (blitz)"]

1. d4 {[%emt 0:00:05]} Nf6 {[%emt 0:00:01] FMGracz proponuje remis} 2. c4 {
[%emt 0:00:02]} g6 {[%emt 0:00:25]} 3. Nc3 {[%emt 0:00:02]} Bg7 {[%emt 0:00:03]
} 4. e4 {[%emt 0:00:03]} d6 {[%emt 0:00:02]} 5. g3 {[%emt 0:00:02]} O-O {[%emt
0:00:02]} 6. Bg2 {[%emt 0:00:01]} c5 {[%emt 0:00:04]} 7. d5 {[%emt 0:00:02]}
Qa5 {[%emt 0:00:04]} 8. Nge2 {[%emt 0:00:02]} b5 {[%emt 0:00:02]} 9. cxb5 {
[%emt 0:00:01]} a6 {[%emt 0:00:01]} 10. bxa6 {[%emt 0:00:02]} Bxa6 {[%emt 0:00:
04]} 11. O-O {[%emt 0:00:01]} Nbd7 {[%emt 0:00:01]} 12. Qc2 {[%emt 0:00:01]}
Ne5 {[%emt 0:00:06]} 13. Rd1 {[%emt 0:00:01]} Rfb8 {[%emt 0:00:05]} 14. b3 {
[%emt 0:00:04]} c4 {[%emt 0:00:17]} 15. Be3 {[%emt 0:00:06]} Nd3 {[%emt 0:00:
14]} 16. bxc4 {[%emt 0:00:02]} Bxc4 {[%emt 0:00:22]} 17. Rxd3 {[%emt 0:00:03]}
1/2-1/2

[Event "T-Director's Swiss sytem"]
[Site "playchess.com #662980"]
[Date "2014.03.16"]
[Round "1"]
[White "FMGracz"]
[Black "LarsvanSchooten"]
[Result "1-0"]
[WhiteElo "2127"]
[BlackElo "1635"]
[PlyCount "83"]
[EventDate "2014.03.16"]
[EventType "swiss (blitz)"]

1. d4 {[%emt 0:00:03]} d5 {[%emt 0:00:02]} 2. Nf3 {[%emt 0:00:02]} e6 {[%emt 0:
00:02]} 3. Bf4 {[%emt 0:00:07]} Nf6 {[%emt 0:00:02]} 4. e3 {[%emt 0:00:01]} Bd6
{[%emt 0:00:03]} 5. Ne5 {[%emt 0:00:01]} O-O {[%emt 0:00:02]} 6. c4 {[%emt 0:
00:01]} Nbd7 {[%emt 0:00:04]} 7. Nc3 {[%emt 0:00:01]} c6 {[%emt 0:00:04]} 8.
Nxc6 {[%emt 0:00:02]} bxc6 {[%emt 0:00:13]} 9. Bxd6 {[%emt 0:00:03]} Re8 {
[%emt 0:00:01]} 10. Bg3 {[%emt 0:00:15]} e5 {[%emt 0:00:04]} 11. cxd5 {[%emt 0:
00:02]} cxd5 {[%emt 0:00:10]} 12. dxe5 {[%emt 0:00:02]} Nxe5 {[%emt 0:00:02]}
13. Bb5 {[%emt 0:00:04]} Bd7 {[%emt 0:00:08]} 14. Bxd7 {[%emt 0:00:13]} Qxd7 {
[%emt 0:00:03]} 15. O-O {[%emt 0:00:03]} Rac8 {[%emt 0:00:08]} 16. Bxe5 {[%emt
0:00:07]} Rxe5 {[%emt 0:00:01]} 17. Qd4 {[%emt 0:00:00]} Rg5 {[%emt 0:00:10]}
18. Rfd1 {[%emt 0:00:05]} Qd6 {[%emt 0:00:15]} 19. e4 {[%emt 0:00:12]} Ng4 {
[%emt 0:00:13]} 20. g3 {[%emt 0:00:02]} Rh5 {[%emt 0:00:07]} 21. h4 {[%emt 0:
00:06]} Ne5 {[%emt 0:00:04]} 22. Qxa7 {[%emt 0:00:18]} d4 {[%emt 0:00:15]} 23.
Ne2 {[%emt 0:00:06]} Qg6 {[%emt 0:00:11]} 24. Nf4 {[%emt 0:00:06]} Qxe4 {[%emt
0:00:37]} 25. Nxh5 {[%emt 0:01:14]} Nf3+ {[%emt 0:00:04]} 26. Kg2 {[%emt 0:00:
01]} Nd2+ {[%emt 0:00:50]} 27. Kh3 {[%emt 0:00:16]} Qf5+ {[%emt 0:00:28]} 28.
g4 {[%emt 0:00:09]} Qf3+ {[%emt 0:00:11]} 29. Ng3 {[%emt 0:00:03]} Ne4 {[%emt
0:00:14]} 30. Rf1 {[%emt 0:00:02]} h6 {[%emt 0:00:28]} 31. Qxd4 {[%emt 0:00:05]
} Nf6 {[%emt 0:00:19]} 32. Rae1 {[%emt 0:00:09]} Rc2 {[%emt 0:00:23]} 33. Qd8+
{[%emt 0:00:04]} Kh7 {[%emt 0:00:01]} 34. Re3 {[%emt 0:00:01]} Qc6 {[%emt 0:00:
01]} 35. Qd3+ {[%emt 0:00:02]} g6 {[%emt 0:00:03]} 36. h5 {[%emt 0:00:02]} Kg7
{[%emt 0:00:01]} 37. hxg6 {[%emt 0:00:01]} fxg6 {[%emt 0:00:01]} 38. Re7+ {
[%emt 0:00:06]} Kf8 {[%emt 0:00:01]} 39. Qd8+ {[%emt 0:00:02]} Ne8 {[%emt 0:00:
01]} 40. Qxe8+ {[%emt 0:00:02]} Qxe8 {[%emt 0:00:02]} 41. Rxe8+ {[%emt 0:00:01]
} Kxe8 {[%emt 0:00:00]} 42. b4 {[%emt 0:00:03] LarsvanSchooten geeft op} 1-0

[Event "T-Director's Swiss sytem"]
[Site "playchess.com #662980"]
[Date "2014.03.16"]
[Round "7"]
[White "FMGracz"]
[Black "Promotioncaval"]
[Result "1-0"]
[WhiteElo "2139"]
[BlackElo "2207"]
[PlyCount "113"]
[EventDate "2014.03.16"]
[EventType "swiss (blitz)"]

1. d4 {[%emt 0:00:04]} b5 {[%emt 0:00:01]} 2. a4 {[%emt 0:00:03]} bxa4 {[%emt
0:00:01]} 3. c4 {[%emt 0:00:01]} g6 {[%emt 0:00:06]} 4. e4 {[%emt 0:00:01]} Bg7
{[%emt 0:00:01]} 5. Nc3 {[%emt 0:00:01]} Bb7 {[%emt 0:00:03]} 6. Nf3 {[%emt 0:
00:09]} Nc6 {[%emt 0:00:01]} 7. Be3 {[%emt 0:00:08]} e6 {[%emt 0:00:03]} 8. h3
{[%emt 0:00:01]} Nge7 {[%emt 0:00:01]} 9. Qxa4 {[%emt 0:00:07]} O-O {[%emt 0:
00:03]} 10. Be2 {[%emt 0:00:02]} d5 {[%emt 0:00:02]} 11. e5 {[%emt 0:00:07]}
dxc4 {[%emt 0:00:07]} 12. Qxc4 {[%emt 0:00:04]} a5 {[%emt 0:00:19]} 13. Qb3 {
[%emt 0:00:18]} Nb4 {[%emt 0:00:07]} 14. O-O {[%emt 0:00:06]} Ned5 {[%emt 0:00:
11]} 15. Rfd1 {[%emt 0:00:09]} Qe7 {[%emt 0:00:14]} 16. Na4 {[%emt 0:00:03]}
Ba6 {[%emt 0:00:29]} 17. Bxa6 {[%emt 0:00:31]} Nxa6 {[%emt 0:00:10]} 18. Rdc1 {
[%emt 0:00:07]} Rfb8 {[%emt 0:00:07]} 19. Qc2 {[%emt 0:00:10]} Nab4 {[%emt 0:
00:29]} 20. Qc4 {[%emt 0:00:16]} Qe8 {[%emt 0:00:47]} 21. Nc5 {[%emt 0:00:12]}
Qb5 {[%emt 0:00:08]} 22. b3 {[%emt 0:00:11]} Bf8 {[%emt 0:00:19]} 23. Ng5 {
[%emt 0:00:39]} Qxc4 {[%emt 0:00:18]} 24. Rxc4 {[%emt 0:00:05]} Bxc5 {[%emt 0:
00:28]} 25. Rxc5 {[%emt 0:00:04]} Nd3 {[%emt 0:00:08]} 26. Rcxa5 {[%emt 0:00:
08]} Rxa5 {[%emt 0:00:01]} 27. Rxa5 {[%emt 0:00:01]} Rxb3 {[%emt 0:00:07]} 28.
Ne4 {[%emt 0:00:16]} Kg7 {[%emt 0:00:16]} 29. Ra8 {[%emt 0:00:21]} h6 {[%emt 0:
00:25]} 30. g4 {[%emt 0:00:17]} Rb1+ {[%emt 0:00:21]} 31. Kg2 {[%emt 0:00:04]}
Rb2 {[%emt 0:00:01]} 32. Kg3 {[%emt 0:00:04]} Nxe3 {[%emt 0:00:06]} 33. fxe3 {
[%emt 0:00:01]} Ne1 {[%emt 0:00:01]} 34. Nf6 {[%emt 0:00:20]} Rg2+ {[%emt 0:00:
02] '} 35. Kf4 {[%emt 0:00:05]} g5+ {[%emt 0:00:08]} 36. Ke4 {[%emt 0:00:01]}
h5 {[%emt 0:00:01]} 37. Nxh5+ {[%emt 0:00:04]} Kg6 {[%emt 0:00:00]} 38. Rg8+ {
[%emt 0:00:04]} Kh7 {[%emt 0:00:01]} 39. Rg7+ {[%emt 0:00:02]} Kh6 {[%emt 0:00:
01]} 40. Rxf7 {[%emt 0:00:01]} Re2 {[%emt 0:00:02]} 41. Ng3 {[%emt 0:00:06]}
Rg2 {[%emt 0:00:03]} 42. Nh5 {[%emt 0:00:01]} Rh2 {[%emt 0:00:01]} 43. Rf6+ {
[%emt 0:00:02]} Kh7 {[%emt 0:00:01]} 44. Rxe6 {[%emt 0:00:01]} Rxh3 {[%emt 0:
00:01]} 45. Re7+ {[%emt 0:00:03]} Kg6 {[%emt 0:00:02]} 46. Rg7+ {[%emt 0:00:01]
} Kh6 {[%emt 0:00:01]} 47. Rxc7 {[%emt 0:00:01]} Ng2 {[%emt 0:00:02]} 48. Rc3 {
[%emt 0:00:09]} Rh4 {[%emt 0:00:04]} 49. Kf5 {[%emt 0:00:03]} Rh3 {[%emt 0:00:
01]} 50. Rc6+ {[%emt 0:00:03]} Kh7 {[%emt 0:00:01]} 51. Kxg5 {[%emt 0:00:02]}
Nxe3 {[%emt 0:00:03]} 52. Rc7+ {[%emt 0:00:02]} Kg8 {[%emt 0:00:02]} 53. Kg6 {
[%emt 0:00:05]} Kf8 {[%emt 0:00:04]} 54. Nf6 {[%emt 0:00:03]} Rh6+ {[%emt 0:00:
08]} 55. Kxh6 {[%emt 0:00:01]} Nf5+ {[%emt 0:00:00]} 56. Kg5 {[%emt 0:00:05]}
Ng7 {[%emt 0:00:02]} 57. Rxg7 {[%emt 0:00:02] Promotioncaval abandonne} 1-0

[Event "T-Director's Swiss sytem"]
[Site "playchess.com #662980"]
[Date "2014.03.16"]
[Round "6"]
[White "FMGracz"]
[Black "Readycash"]
[Result "0-1"]
[WhiteElo "2148"]
[BlackElo "2332"]
[PlyCount "94"]
[EventDate "2014.03.16"]
[EventType "swiss (blitz)"]

1. d4 {[%emt 0:00:04]} Nf6 {[%emt 0:00:01]} 2. c4 {[%emt 0:00:05]} e6 {[%emt 0:
00:01]} 3. Nf3 {[%emt 0:00:02]} c5 {[%emt 0:00:01]} 4. d5 {[%emt 0:00:02]} b5 {
[%emt 0:00:01]} 5. dxe6 {[%emt 0:00:02]} fxe6 {[%emt 0:00:01]} 6. cxb5 {[%emt
0:00:01]} d5 {[%emt 0:00:01]} 7. e3 {[%emt 0:00:01]} Bd6 {[%emt 0:00:01]} 8.
Nc3 {[%emt 0:00:01]} O-O {[%emt 0:00:01]} 9. b3 {[%emt 0:00:01]} Bb7 {[%emt 0:
00:02]} 10. Bb2 {[%emt 0:00:01]} Nbd7 {[%emt 0:00:01]} 11. Be2 {[%emt 0:00:01]}
e5 {[%emt 0:00:01]} 12. O-O {[%emt 0:00:01]} e4 {[%emt 0:00:05]} 13. Nd2 {
[%emt 0:00:04]} Qe8 {[%emt 0:00:01]} 14. g3 {[%emt 0:00:03]} Rd8 {[%emt 0:00:
06]} 15. Qc2 {[%emt 0:00:06]} Ne5 {[%emt 0:00:10]} 16. a4 {[%emt 0:00:12]} d4 {
[%emt 0:00:31]} 17. Ncxe4 {[%emt 0:00:05]} Nxe4 {[%emt 0:00:38]} 18. Nxe4 {
[%emt 0:00:02]} d3 {[%emt 0:00:01]} 19. Nxd6 {[%emt 0:00:01]} Rxd6 {[%emt 0:00:
08]} 20. Qxc5 {[%emt 0:00:27]} Rd5 {[%emt 0:00:15]} 21. Qc7 {[%emt 0:00:21]}
dxe2 {[%emt 0:00:03]} 22. Qxb7 {[%emt 0:00:01]} exf1=Q+ {[%emt 0:00:12]} 23.
Rxf1 {[%emt 0:00:12]} Rd2 {[%emt 0:00:01]} 24. Bc3 {[%emt 0:00:06]} Rd3 {[%emt
0:00:26]} 25. Ba1 {[%emt 0:00:03]} Qh5 {[%emt 0:00:07]} 26. f4 {[%emt 0:00:07]}
Rd2 {[%emt 0:00:11]} 27. Rf2 {[%emt 0:00:08]} Rxf2 {[%emt 0:00:07]} 28. Kxf2 {
[%emt 0:00:01]} Qxh2+ {[%emt 0:00:02]} 29. Kf1 {[%emt 0:00:02]} Qh3+ {[%emt 0:
00:05]} 30. Kf2 {[%emt 0:00:04]} Ng4+ {[%emt 0:00:18]} 31. Ke2 {[%emt 0:00:03]}
Qh2+ {[%emt 0:00:01]} 32. Kd3 {[%emt 0:00:03]} Nf6 {[%emt 0:00:13]} 33. Qxa7 {
[%emt 0:00:08]} Qa2 {[%emt 0:00:11]} 34. Bd4 {[%emt 0:00:07]} Qxb3+ {[%emt 0:
00:02]} 35. Ke2 {[%emt 0:00:01]} Qc2+ {[%emt 0:00:04]} 36. Ke1 {[%emt 0:00:11]}
Qg2 {[%emt 0:00:16]} 37. b6 {[%emt 0:00:08]} Qxg3+ {[%emt 0:00:01]} 38. Ke2 {
[%emt 0:00:01]} Qg2+ {[%emt 0:00:18]} 39. Kd3 {[%emt 0:00:05]} Qe4+ {[%emt 0:
00:08]} 40. Kd2 {[%emt 0:00:08]} Rc8 {[%emt 0:00:01]} 41. Bc3 {[%emt 0:00:17]}
Qd5+ {[%emt 0:00:18]} 42. Bd4 {[%emt 0:00:12]} Qa2+ {[%emt 0:00:01]} 43. Kd1 {
[%emt 0:00:03]} Qb1+ {[%emt 0:00:03]} 44. Ke2 {[%emt 0:00:02]} Rc2+ {[%emt 0:
00:02]} 45. Kf3 {[%emt 0:00:04]} Qh1+ {[%emt 0:00:03]} 46. Kg3 {[%emt 0:00:02]}
Qg2+ {[%emt 0:00:01]} 47. Kh4 {[%emt 0:00:01]} Qg4# {[%emt 0:00:01]} 0-1

[Event "T-Director's Swiss sytem"]
[Site "playchess.com #662980"]
[Date "2014.03.16"]
[Round "8"]
[White "Fabdraguignan"]
[Black "Holzpferdchen"]
[Result "1-0"]
[WhiteElo "1535"]
[BlackElo "1455"]
[PlyCount "55"]
[EventDate "2014.03.16"]
[EventType "swiss (blitz)"]

1. c4 {[%emt 0:00:44]} c5 {[%emt 0:00:04]} 2. Nf3 {[%emt 0:00:02]} Nc6 {[%emt
0:00:01]} 3. d4 {[%emt 0:00:01]} cxd4 {[%emt 0:00:02]} 4. Nxd4 {[%emt 0:00:01]}
Nf6 {[%emt 0:00:02]} 5. Nc3 {[%emt 0:00:01]} e6 {[%emt 0:00:02]} 6. e4 {[%emt
0:00:01]} Be7 {[%emt 0:00:03]} 7. Be2 {[%emt 0:00:05]} O-O {[%emt 0:00:01]} 8.
O-O {[%emt 0:00:02]} Nxd4 {[%emt 0:00:03]} 9. Qxd4 {[%emt 0:00:02]} b6 {[%emt
0:00:02]} 10. e5 {[%emt 0:00:07]} Ne8 {[%emt 0:00:04]} 11. Qe4 {[%emt 0:00:03]}
Rb8 {[%emt 0:00:04]} 12. Be3 {[%emt 0:00:06]} Bb7 {[%emt 0:00:01]} 13. Qg4 {
[%emt 0:00:04]} f6 {[%emt 0:00:50]} 14. f4 {[%emt 0:00:13]} f5 {[%emt 0:00:09]}
15. Qh3 {[%emt 0:00:06]} Qc7 {[%emt 0:00:25]} 16. Nb5 {[%emt 0:00:08]} Qd8 {
[%emt 0:00:08]} 17. Nxa7 {[%emt 0:00:03]} Bc5 {[%emt 0:00:15]} 18. Bxc5 {[%emt
0:00:05]} bxc5 {[%emt 0:00:02]} 19. Nb5 {[%emt 0:00:01]} Bc6 {[%emt 0:00:15]}
20. Rfd1 {[%emt 0:00:10]} Nc7 {[%emt 0:00:06]} 21. Nd6 {[%emt 0:00:05]} Rxb2 {
[%emt 0:00:08]} 22. Bf3 {[%emt 0:00:11]} Qa8 {[%emt 0:00:04]} 23. a4 {[%emt 0:
00:20]} Rfb8 {[%emt 0:00:14]} 24. Bxc6 {[%emt 0:00:15]} Qxc6 {[%emt 0:00:02]}
25. Nb5 {[%emt 0:00:01]} Na6 {[%emt 0:00:23]} 26. Rd6 {[%emt 0:00:05]} Qe4 {
[%emt 0:00:07]} 27. Rxa6 {[%emt 0:00:25]} Qxc4 {[%emt 0:00:09]} 28. Qf3 {[%emt
0:00:17] Holzpferdchen gibt auf} 1-0